Ideologia alemana ; tesis sobre Feuerback ; L. Feuerback y el fin de la filosofia clásica alemana / (Record no. 90760)

MARC details
000 -LEADER
campo de control de longitud fija 01063cam a2200337Ia 4500
001 - NÚMERO DE CONTROL
campo de control 91872
005 - FECHA Y HORA DE LA ÚLTIMA TRANSACCIÓN
campo de control 20230410132942.0
008 - DATOS DE LONGITUD FIJA--INFORMACIÓN GENERAL
campo de control de longitud fija 990210s1976 mx b 000 0 spa d
035 ## - NÚMERO DE CONTROL DEL SISTEMA
Número de control de sistema (OCoLC)ocm40765697
040 ## - FUENTE DE CATALOGACIÓN
Centro catalogador/agencia de origen PMU
Centro/agencia transcriptor PMU
Centro/agencia modificador OCLCQ
-- OCLCG
035 ## - NÚMERO DE CONTROL DEL SISTEMA
Número de control de sistema (OCoLC)40765697
043 ## - CÓDIGO DE ÁREA GEOGRÁFICA
Código de área geográfica e-gx---
049 ## - FONDOS LOCALES (OCLC)
Biblioteca depositaria GRAL
050 14 - SIGNATURA TOPOGRÁFICA DE LA BIBLIOTECA DEL CONGRESO
Número de clasificación B 2973
Número de ítem M392i 1976
100 1# - ENTRADA PRINCIPAL--NOMBRE DE PERSONA
Nombre de persona Marx, Karl,
Fechas asociadas al nombre 1818-1883.
245 10 - MENCIÓN DEL TÍTULO
Título Ideologia alemana ; tesis sobre Feuerback ; L. Feuerback y el fin de la filosofia clásica alemana /
Mención de responsabilidad, etc. C. Marx-F. Engels.
250 ## - MENCION DE EDICION
Mención de edición 1. ed.
260 ## - PUBLICACIÓN, DISTRIBUCIÓN, ETC.
Lugar de publicación, distribución, etc. Mexico :
Nombre del editor, distribuidor, etc. Ediciones de Cultura Popular,
Fecha de publicación, distribución, etc. 1976.
300 ## - DESCRIPCIÓN FÍSICA
Extensión 234 p. ;
Dimensiones 17 cm.
440 #0 - MENCIÓN DE SERIE/PUNTO DE ACCESO ADICIONAL--TÍTULO
Título Biblioteca Marx-Engels ;
Designación de volumen o secuencia 4
504 ## - NOTA DE BIBLIOGRAFÍA, ETC.
Nota de bibliografía, etc. Includes bibliographical references.
600 10 - PUNTO DE ACCESO ADICIONAL DE MATERIA--NOMBRE DE PERSONA
Nombre de persona Feuerbach, Ludwig,
Fechas asociadas al nombre 1804-1872.
650 #0 - PUNTO DE ACCESO ADICIONAL DE MATERIA--TÉRMINO DE MATERIA
Término de materia o nombre geográfico como elemento de entrada Dialectic.
650 #0 - PUNTO DE ACCESO ADICIONAL DE MATERIA--TÉRMINO DE MATERIA
Término de materia o nombre geográfico como elemento de entrada Materialism.
700 1# - ENTRADA AGREGADA--NOMBRE PERSONAL
Nombre de persona Engels, Friedrich,
Fechas asociadas al nombre 1820-1895.
740 02 - ENTRADA AGREGADA--TÍTULO RELACIONADO/ANALÍTICO NO CONTROLADO
Título relacionado o analítico no controlado Tesis sobre Feuerback.
740 02 - ENTRADA AGREGADA--TÍTULO RELACIONADO/ANALÍTICO NO CONTROLADO
Título relacionado o analítico no controlado L. Feuerback y el fin de la filosofia clasica alemana.
942 ## - ELEMENTOS DE ENTRADA SECUNDARIOS (KOHA)
Fuente del sistema de clasificación o colocación Clasificación de Library of Congress
Tipo de ítem Koha
994 ## -
-- C0
-- DRFGD
946 ## - PROCESAMIENTO DE INFORMACIÓN LOCAL (OCLC)
a nc
Holdings
Estatus retirado Estado de pérdida Fuente del sistema de clasificación o colocación Estado de daño No para préstamo Colección Biblioteca de origen Biblioteca actual Ubicación en estantería Fecha de adquisición Signatura topográfica completa Código de barras Visto por última vez Copia número Tipo de ítem Koha
    Clasificación de Library of Congress     Humanidades Biblioteca Juan Bosch Biblioteca Juan Bosch Humanidades (4to. Piso) 10/04/2023 B 2973 M392i 1976 00000084983 17/11/2018 1